LEADER 00575nam a2200169 i 4500 001 000000241141 003 CaOOAMICUS 005 20150423000000.0 008 150423s1871 it u000 u ita u 013 $a220046 040 $aSeMil$bita 245 12$aI fatti. 300 $aXX, 556 p. 773 0 $aFietta, Lorenzo$tNiccolo Boccasino di Trevigi e il suo tempo.$dPadova : Tipografia del Seminario, 1871.$g1$w()11703 850 $aSeMil 852 $aSeMil$W1$xVenegono$y1$m3E III 23 FA$j191487$B191487$CSeMilBibl$Z2$F202283 $8I 996 $6245$aI fatti$9(OLS)http://semarc/title/118378 LEADER 01756nam a2200253 i 4500 001 000000030298 003 CaOOAMICUS 005 20250611145833.0 008 180830s1778 sz u000 u fre u 040 $aSeMil$bita 100 1 $aSainte-Croix, Guillaume Emmanuel Joseph Guilhem de Clermont-Lodeve : baron de.$0(OLS)http://semarc/name/13902 245 12$aL'Ezour-Vedam ou ancien commentaire du Vedam, contenant l'exposition des opinions religieuses & philosophiques des Indiens. Traduit du samscretan par un brame. Revu & publie avec des observations preliminaires, des notes & des eclaircissemens. 260 $aYverdon :$bDans l'Imprimerie de M. De Felice,$c1778. 300 $a2 v. ;$c12°. 500 $aPer l'A. G.E.J. Guilhem de Clermont-Lodève, baron de Sainte-Croix, vedi Barbier, Dict. des ouvr. anon., II, col. 406. - Attribuzioni d'autore sia a Roberto de Nobili, che a Jean Calmette, vedi Barbier, cit.; Rochet, L. (a cura di) Ezourvedam, a French veda of Eighteenth century, Amsterdam 1984 500 $aIniz., fregi xilogr. 700 1 $aCalmette, Jean.$0(OLS)http://semarc/name/13904 700 1 $aNobili, Roberto : de.$0(OLS)http://semarc/name/13903 700 1 $aFélice, Fortune Barthelemy : de,$c.$0(OLS)http://semarc/name/8304 774 0 $tTome 1.$g1$w()231773 774 0 $tTome 2.$g2$w()231774 996 $6245$aL'Ezour-Vedam ou ancien commentaire du Vedam, contenant l'exposition des opinions religieuses & philosophiques des Indiens. Traduit du samscretan par un brame. Revu & publie avec des observations preliminaires, des notes & des eclaircissemens$9(OLS)http://semarc/title/41221 996 $6260$aYverdon :$bDans l'Imprimerie de M. De Felice$9(OLS)http://semarc/publisher/35042